[Event "Paracin Summer op-B 12th"]
[Site "Paracin"]
[Date "2019.07.05"]
[Round "1"]
[White "Pavan, BNB"]
[Black "Stefanovic, Dragan D"]
[Result "1-0"]
[WhiteElo "1993"]
[BlackElo "1670"]
[PlyCount "119"]
[EventDate "2019.07.05"]
[EventType "swiss"]
[EventRounds "9"]
[EventCountry "SRB"]
[SourceTitle "EXT 2020"]
[Source "ChessBase"]
[SourceDate "2019.10.17"]
[SourceVersion "1"]
[SourceVersionDate "2019.10.17"]
[SourceQuality "1"]

1. d4 Nf6 2. Bf4 d5 3. e3 e6 4. Nf3 Be7 5. c3 c5 6. h3 0-0 7. Nbd2 c4 8. Be2 Nc6 9. 0-0 b5 10. Qc2 Bb7 11. Ne5 Nxe5 12. Bxe5 Nd7 13. Bh2 Bf6 14. f4 Re8 15. Bf3 g6 16. Kh1 Bg7 17. g4 f5 18. b3 Qc7 19. bxc4 dxc4 20. e4 Nf6 21. gxf5 exf5 22. e5 Bxf3+ 23. Rxf3 Nd5 24. h4 Qc6 25. Kg1 a5 26. h5 Rac8 27. hxg6 hxg6 28. Kf2 b4 29. Rg1 Kh7 30. Nb1 Bh6 31. Rh3 Rh8 32. Ke1 Qd7 33. Qf2 Kg7 34. Qg2 Rc6 35. Qf3 Kf7 36. Bg3 Bg7 37. Bh4 b3 38. axb3 cxb3 39. Bf2 Rxh3 40. Qxh3 a4 41. Qg2 Nb6 42. c4 Qc7 43. c5 Qc8 44. d5 Nxd5 45. Qxd5+ Qe6 46. Qxe6+ Rxe6 47. Kd2 Ra6 48. Na3 Bf8 49. Kc3 Ra8 50. Kb4 Ke6 51. Rxg6+ Kd5 52. Rb6 Ke4 53. e6 Kxf4 54. Be1 Re8 55. Bf2 Kf3 56. Bd4 Ke4 57. Bf2 f4 58. Nc4 Kd5 59. Nd6 Rxe6 60. Nc4 1-0

[Event "Mumbai Wealth op"]
[Site "Mumbai"]
[Date "2016.01.30"]
[Round "3"]
[White "Pavan, BNB"]
[Black "Shirish, Khodwe"]
[Result "1-0"]
[WhiteElo "1923"]
[BlackElo "1566"]
[PlyCount "99"]
[EventDate "2016.01.28"]
[EventType "swiss"]
[EventRounds "9"]
[EventCountry "IND"]
[SourceTitle "CBM 170 Extra"]
[Source "ChessBase"]
[SourceDate "2016.02.25"]
[SourceVersion "1"]
[SourceVersionDate "2016.02.25"]
[SourceQuality "1"]

1. e4 c5 2. Nf3 e6 3. Nc3 a6 4. a4 Nc6 5. Bc4 Qc7 6. 0-0 Bd6 7. d3 Nf6 8. h3 h5 9. Ne2 Ng4 10. g3 Nge5 11. Nxe5 Nxe5 12. Bb3 b6 13. f4 Nc6 14. h4 Bb7 15. c3 Ne7 16. Kf2 Ng8 17. Ke1 Nh6 18. Kd2 Ng4 19. Kc2 b5 20. Kb1 c4 21. Bc2 Be7 22. Nd4 Bc5 23. Nf3 b4 24. dxc4 bxc3 25. b3 Be3 26. Qd3 Bxc1 27. Kxc1 Qc5 28. Qd4 Qxd4 29. Nxd4 Ne3 30. Re1 Ng4 31. Ne2 0-0 32. Nxc3 Rac8 33. Kb2 Rfd8 34. Rad1 Bc6 35. Rd6 Rb8 36. e5 Nh6 37. Red1 Nf5 38. Bxf5 exf5 39. Ka3 Rdc8 40. Nd5 Kf8 41. Nb4 a5 42. Nd5 Rb7 43. Nc3 Ke8 44. Nb5 Bxb5 45. axb5 Ra8 46. Ka4 Ke7 47. R1d3 Ke8 48. Ra6 Rab8 49. Kxa5 Kd8 50. b6 1-0

[Event "Mumbai Wealth op"]
[Site "Mumbai"]
[Date "2016.01.29"]
[Round "2"]
[White "Abhishek, Das"]
[Black "Pavan, BNB"]
[Result "1-0"]
[WhiteElo "2210"]
[BlackElo "1923"]
[PlyCount "87"]
[EventDate "2016.01.28"]
[EventType "swiss"]
[EventRounds "9"]
[EventCountry "IND"]
[SourceTitle "CBM 170 Extra"]
[Source "ChessBase"]
[SourceDate "2016.02.25"]
[SourceVersion "1"]
[SourceVersionDate "2016.02.25"]
[SourceQuality "1"]

1. c4 c6 2. e4 d5 3. exd5 cxd5 4. d4 Nf6 5. Nc3 Nc6 6. Nf3 Bg4 7. cxd5 Nxd5 8. Qb3 Bxf3 9. gxf3 e6 10. Qxb7 Nxd4 11. Bb5+ Nxb5 12. Qc6+ Ke7 13. Qxb5 Qd7 14. Nxd5+ exd5 15. Qd3 f6 16. Be3 Kf7 17. 0-0-0 Rd8 18. Kb1 Be7 19. Rhg1 g6 20. h4 a6 21. h5 Rhg8 22. Rg4 Qb5 23. hxg6+ hxg6 24. Rd4 Qxd3+ 25. R1xd3 Ke6 26. Rb3 Rh8 27. Ra4 Rd6 28. Bc5 Rh1+ 29. Kc2 Rc6 30. Rb6 Rxb6 31. Bxb6 Rh8 32. Kd3 Ra8 33. b4 Rc8 34. Rxa6 Kf5 35. b5 Rc1 36. Be3 Rb1 37. b6 Bd6 38. Kc2 Rb5 39. a4 Rb4 40. b7 Bb8 41. Bb6 Be5 42. a5 d4 43. Ra8 Rc4+ 44. Kd1 1-0